000 00290nam a2200121Ia 4500
008 190802s9999 xx 000 0 und d
020 _a978-93-325-7944-6
100 _aSaundra K.Ciccarelli
245 0 _aPsychology
260 _aAustralia
_bPearson
_c2017
300 _a784:p
942 _cBK
999 _c2264
_d2264